<?xml version="1.0" encoding="UTF-8"?>
<record
    xmlns:xsi="http://www.w3.org/2001/XMLSchema-instance"
    xsi:schemaLocation="http://www.loc.gov/MARC21/slim http://www.loc.gov/standards/marcxml/schema/MARC21slim.xsd"
    xmlns="http://www.loc.gov/MARC21/slim">

  <leader>00812nam0a22002531  4500</leader>
  <controlfield tag="001">rc\269057</controlfield>
  <controlfield tag="005">20250621002332.0</controlfield>
  <datafield tag="010" ind1=" " ind2=" ">
    <subfield code="a">5-85399-029-2</subfield>
    <subfield code="9">5000</subfield>
  </datafield>
  <datafield tag="035" ind1=" " ind2=" ">
    <subfield code="a">(NLR Aleph) 005474791</subfield>
  </datafield>
  <datafield tag="090" ind1=" " ind2=" ">
    <subfield code="a">5079074</subfield>
    <subfield code="c">5079074</subfield>
  </datafield>
  <datafield tag="100" ind1=" " ind2=" ">
    <subfield code="a">20030307d1997    |||y0rusy50      ca</subfield>
  </datafield>
  <datafield tag="101" ind1="0" ind2=" ">
    <subfield code="a">rus</subfield>
  </datafield>
  <datafield tag="102" ind1=" " ind2=" ">
    <subfield code="a">RU</subfield>
  </datafield>
  <datafield tag="105" ind1=" " ind2=" ">
    <subfield code="a">a   |||||||||</subfield>
  </datafield>
  <datafield tag="200" ind1="1" ind2=" ">
    <subfield code="a">&#x417;&#x432;&#x435;&#x437;&#x434;&#x43D;&#x43E;&#x435; &#x43D;&#x435;&#x431;&#x43E; &#x43E;&#x440;&#x438;&#x433;&#x430;&#x43C;&#x438;</subfield>
    <subfield code="e">&#x418;&#x441;&#x43A;&#x443;&#x441;&#x441;&#x442;&#x432;&#x43E; &#x441;&#x43A;&#x43B;&#x430;&#x434;&#x44B;&#x432;&#x430;&#x43D;&#x438;&#x44F; &#x438;&#x437; &#x431;&#x443;&#x43C;&#x430;&#x433;&#x438;</subfield>
    <subfield code="f">[&#x425;&#x43B;&#x44F;&#x43C;&#x43E;&#x432;&#x430; &#x422;.&#x412;.]</subfield>
  </datafield>
  <datafield tag="210" ind1=" " ind2=" ">
    <subfield code="a">&#x41C;.</subfield>
    <subfield code="c">&#x410;&#x43A;&#x438;&#x43C;</subfield>
    <subfield code="d">1997</subfield>
  </datafield>
  <datafield tag="215" ind1=" " ind2=" ">
    <subfield code="a">63 &#x441;.</subfield>
    <subfield code="c">&#x438;&#x43B;.</subfield>
    <subfield code="d">29</subfield>
  </datafield>
  <datafield tag="300" ind1=" " ind2=" ">
    <subfield code="a">&#x41F;&#x440;&#x438;&#x43B;. &#x43A; &#x436;&#x443;&#x440;&#x43D;. "&#x41E;&#x440;&#x438;&#x433;&#x430;&#x43C;&#x438;. &#x418;&#x441;&#x43A;&#x443;&#x441;&#x441;&#x442;&#x432;&#x43E; &#x441;&#x43A;&#x43B;&#x430;&#x434;&#x44B;&#x432;&#x430;&#x43D;&#x438;&#x44F; &#x438;&#x437; &#x431;&#x443;&#x43C;&#x430;&#x433;&#x438;"</subfield>
  </datafield>
  <datafield tag="700" ind1=" " ind2="1">
    <subfield code="a">&#x425;&#x43B;&#x44F;&#x43C;&#x43E;&#x432;&#x430;</subfield>
    <subfield code="b">&#x422;.&#x412;.</subfield>
  </datafield>
  <datafield tag="801" ind1=" " ind2="0">
    <subfield code="a">RU</subfield>
    <subfield code="b">NLR</subfield>
    <subfield code="g">psbo</subfield>
  </datafield>
  <datafield tag="801" ind1=" " ind2="1">
    <subfield code="a">RU</subfield>
    <subfield code="b">ELAR</subfield>
    <subfield code="2">rusmarc</subfield>
  </datafield>
  <datafield tag="852" ind1=" " ind2=" ">
    <subfield code="a">NLR</subfield>
    <subfield code="j">97-8/773</subfield>
  </datafield>
  <datafield tag="942" ind1=" " ind2=" ">
    <subfield code="c">BOOK</subfield>
  </datafield>
  <datafield tag="980" ind1=" " ind2=" ">
    <subfield code="a">NB</subfield>
  </datafield>
  <datafield tag="995" ind1=" " ind2=" ">
    <subfield code="5">2013-10-26</subfield>
    <subfield code="b">NLR01</subfield>
    <subfield code="c">NLR01</subfield>
    <subfield code="e">RF8</subfield>
    <subfield code="f">5474791-10</subfield>
    <subfield code="k">97-8/773</subfield>
    <subfield code="o">0</subfield>
    <subfield code="r">BOOK</subfield>
    <subfield code="s">978773_</subfield>
  </datafield>
</record>
